特別史跡・特別名勝 - Statistics

General Stats
  • This quiz has been taken 19 times
  • The average score is 16 of 100
Answer Stats
名称 都道府県 % Correct
三内丸山遺跡 青森県
63%
中尊寺境内 岩手県
56%
松島 宮城県
56%
岡山後楽園 岡山県
56%
五稜郭跡 北海道
50%
慈照寺(銀閣寺)庭園 京都府
50%
鹿苑寺(金閣寺)庭園 京都府
50%
富士山 山梨県静岡県
50%
兼六園 石川県
50%
慈照寺(銀閣寺)方丈庭園 京都府
50%
多賀城跡 附 寺跡 宮城県
44%
姫路城跡 兵庫県
44%
吉野ヶ里遺跡 佐賀県
44%
旧浜離宮庭園 東京都
38%
大坂城跡 大阪府
38%
厳島 広島県
38%
二条城二之丸庭園 京都府
38%
毛越寺境内 附 鎮守社跡 岩手県
31%
名古屋城跡 愛知県
31%
彦根城跡 滋賀県
31%
毛越寺庭園 岩手県
31%
江戸城跡 東京都
25%
小石川後楽園 東京都
25%
十和田湖および奥入瀬渓流 青森県秋田県
25%
黒部峡谷 附 猿飛並びに奥鐘山 富山県
25%
大湯環状列石 秋田県
19%
埼玉古墳群 埼玉県
19%
加曽利貝塚 千葉県
19%
登呂遺跡 静岡県
19%
キトラ古墳 奈良県
19%
石舞台古墳 奈良県
19%
熊本城跡 熊本県
19%
天橋立 京都府
19%
天龍寺庭園 京都府
19%
本願寺大書院庭園 京都府
19%
栗林公園 香川県
19%
無量光院跡 岩手県
13%
安土城跡 滋賀県
13%
高松塚古墳 奈良県
13%
平城宮跡 奈良県
13%
大宰府跡 福岡県
13%
大野城跡 福岡県
13%
名護屋城跡並陣跡 佐賀県
13%
西都原古墳群 宮崎県
13%
六義園 東京都
13%
上高地 長野県
13%
一乗谷朝倉氏庭園 福井県
13%
平城宮東院庭園 奈良県
13%
旧弘道館 茨城県
6%
醍醐寺三宝院庭園 京都府
6%
百済寺跡 大阪府
6%
藤原宮跡 奈良県
6%
水城跡 福岡県
6%
御嶽昇仙峡 山梨県
6%
西芳寺庭園 京都府
6%
瀞八丁 三重県奈良県
和歌山県
6%
識名園 沖縄県
6%
旧閑谷学校附 椿山石門津田永忠宅跡及び黄葉亭 岡山県
6%
常陸国分寺跡 茨城県
0%
常陸国分尼寺跡 茨城県
0%
大谷磨崖仏 栃木県
0%
日光杉並木街道 附 並木寄進碑 栃木県
0%
金井沢碑 群馬県
0%
山上碑及び古墳 群馬県
0%
多胡碑 群馬県
0%
一乗谷朝倉氏遺跡 福井県
0%
尖石石器時代遺跡 長野県
0%
遠江国分寺跡 静岡県
0%
新居関跡 静岡県
0%
本居宣長旧宅 同 宅跡 三重県
0%
山田寺跡 奈良県
0%
巣山古墳 奈良県
0%
文殊院西古墳 奈良県
0%
平城京左京三条二坊宮跡庭園 奈良県
0%
本薬師寺跡 奈良県
0%
岩橋千塚古墳群 和歌山県
0%
斎尾廃寺跡 鳥取県
0%
廉塾ならびに菅茶山旧宅 広島県
0%
讃岐国分寺跡 香川県
0%
王塚古墳 福岡県
0%
基肄(椽)城跡 福岡県佐賀県
0%
福井洞窟 長崎県
0%
金田城跡 長崎県
0%
原の辻遺跡 長崎県
0%
大仙院書院庭園 京都府
0%
大徳寺方丈庭園 京都府
0%
竜安寺方丈庭園 京都府
0%
法金剛院青女滝 附 五位山 京都府
0%
金地院庭園 京都府
0%
浄瑠璃寺庭園 京都府
0%
三段峡 広島県
0%
虹の松原 佐賀県
0%
温泉岳 長崎県
0%
臼杵磨崖仏附 日吉塔、嘉応二年在銘五輪塔 承安二年在銘五輪塔 大分県
0%
No matching quizzes found
Score Distribution
Percent of People with Each Score
Percentile by Number Answered
Your Score History
You have not taken this quiz